| 000 | 00630nam a2200193Ia 4500 | ||
|---|---|---|---|
| 999 |
_c40044 _d40044 |
||
| 001 | 6650 | ||
| 003 | GE_BSU | ||
| 005 | 20191202164919.0 | ||
| 008 | 181216s1960||||ge |||||||||||||| ||g || | ||
| 040 | _cGE_BSU | ||
| 041 | _ageo | ||
| 080 | _a821.353.1-32 გ-24 | ||
| 100 |
_aგაწერელია, აკაკი _94939 |
||
| 245 |
_aნოველები. 1932-1959 / _cაკაკი გაწერელია. |
||
| 264 |
_aთბილისი : _bსაბჭოთა საქართველო, _c1960. |
||
| 300 |
_a202 გვ. ; _c20 სმ. |
||
| 653 | _aნოველები | ||
| 942 |
_cBK _2udc |
||